La transnacionalización de la economía chilena: mapa de la extrema riqueza al año 2000

Saved in:
書目詳細資料
主要作者: Fazio Rigazzi, Hugo (Author)
格式: 圖書
語言:西班牙语
出版: Santiago Lom 2000
叢編:Colección Sin Norte
主題:
標簽: 添加標簽
沒有標簽, 成為第一個標記此記錄!

MARC

LEADER 00000nam a2200000 a 4500
001 UCN6611
003 CL-VaPUC
008 010928e20000000CL |||||||||||||||||spa|d
020 |a 9562822737 
082 0 4 |a 339.2  |b FAZ  |2 21 
100 0 |a Fazio Rigazzi, Hugo  |e author  |9 462302 
245 1 3 |a La transnacionalización de la economía chilena: mapa de la extrema riqueza al año 2000 
300 |a 339 p 
942 |c BK 
945 |d 20010928 00:00:00  |a crobeson 
260 |a Santiago  |b Lom  |c 2000 
650 7 |a EXTREMA RIQUEZA  |2 CL-VaPUC  |9 393148 
650 0 |a Distribución de la riqueza  |9 404226 
650 0 |a Globalización  |9 361930 
650 0 |a Crecimiento económico   |9 314037 
651 7 |a CHILE  |2 CL-VaPUC  |9 462303 
583 |a last modification  |c 20010928 00:00:00  |k Rodrigo Vera 
490 0 |a Colección Sin Norte 
999 |c 297314  |d 297312 
952 |0 0  |1 0  |4 0  |6 339_200000000000000_FAZ_2000  |7 0  |8 A  |9 351916  |a BIBENE  |b BIBENE  |d 2019-11-21  |i 374146K  |o 339.2 FAZ 2000  |p 374146K  |r 2025-01-15  |w 2019-11-21  |y BK  |k ICO 
952 |0 0  |1 0  |4 0  |6 339_200000000000000_FAZ_2000  |7 0  |8 A  |9 351917  |a BIBHIS  |b BIBHIS  |d 2019-11-21  |i 3806715  |l 1  |o 339.2 FAZ 2000  |p 3806715  |r 2025-01-20  |s 2022-06-29  |w 2019-11-21  |y BK  |k HIS 
952 |0 0  |1 0  |4 0  |6 339_200000000000000_FAZ_2000  |7 0  |8 A  |9 351918  |a BIBHIS  |b BIBHIS  |d 2019-11-21  |i 4439562  |o 339.2 FAZ 2000  |p 4439562  |r 2025-01-20  |w 2019-11-21  |y BK  |k HIS